Statistics for Sudoku con le nazioni

Click here to take the quiz!

General Stats

  • This quiz has been taken 8 times
  • The average score is 6 of 16

Answer Stats

Answer% Correct
Niger
100%
Armenia
71%
Giappone
57%
Haiti
43%
Malta
43%
Bolivia
29%
Botswana
29%
Burundi
29%
Estonia
29%
Grecia
29%
Kuwait
29%
Siria
29%
Belize
14%
Bulgaria
14%
Gambia
14%
Honduras
14%

Score Distribution

Percentile by Number Answered

Percent of People with Each Score

Your Score History

You have not taken this quiz